LEADER 01549nab a2200481 i 4500
001 publ9783
005 20200120133957.0
008 161027s2016 hu o 0|| zxx d
022 |a 1446-9235 
024 7 |a 10.1007/s41105-015-0024-8  |2 doi 
024 7 |a 2913963  |2 mtmt 
040 |a SZTE Publicatio Repozitórium  |b hun 
041 |a zxx 
100 1 |a Kovács Norbert 
245 1 0 |a Independent validation of Parkinson’s disease Sleep Scale 2nd version (PDSS-2)  |h [elektronikus dokumentum] /  |c  Kovács Norbert 
260 |c 2016 
300 |a 63-73 
490 0 |a SLEEP AND BIOLOGICAL RHYTHMS  |v 14 No. 1 
700 0 1 |a Horváth Krisztina  |e aut 
700 0 1 |a Aschermann Zsuzsanna  |e aut 
700 0 1 |a Ács Péter  |e aut 
700 0 1 |a Bosnyák Edit  |e aut 
700 0 1 |a Deli Gabriella  |e aut 
700 0 1 |a Pál Endre  |e aut 
700 0 1 |a Janszky József  |e aut 
700 0 1 |a Faludi Béla  |e aut 
700 0 1 |a Karádi Kázmér  |e aut 
700 0 1 |a Késmárki Ildikó  |e aut 
700 0 1 |a Bokor Magdolna  |e aut 
700 0 1 |a Rigó Eszter  |e aut 
700 0 1 |a Lajtos Júlia  |e aut 
700 0 1 |a Klivényi Péter  |e aut 
700 0 1 |a Dibó György  |e aut 
700 0 1 |a Vécsei László  |e aut 
700 0 1 |a Takáts Annamária  |e aut 
700 0 1 |a Tóth Adrián  |e aut 
700 0 1 |a Imre Piroska  |e aut 
700 0 1 |a Nagy Ferenc  |e aut 
700 0 1 |a Herceg Mihály  |e aut 
700 0 1 |a Kamondi Anita  |e aut 
700 0 1 |a Hidasi Eszter  |e aut 
700 0 1 |a Komoly Sámuel  |e aut 
856 4 0 |u http://publicatio.bibl.u-szeged.hu/9783/1/2913963_Sleep%20Biol.pdf  |z Dokumentum-elérés